000
00211 a2200097 4500
001
30564
100
_a
Brook
245
_a
Aspects of Educational Technology
260
_a
_b
Kogan Page
_c
090
_c
20494
_d
20494
942
_a
NUST-CAE
_c
M
_c
11663
999
_c
265637
_d
265637